000 00310nam a22001217a 4500
082 _a823
_bJEA/P
100 _aJEANNE, PETER COURT
245 _aPONY PALS GIVE ME BACK MY PONY
246 _aPONY PALS GIVE ME BACK MY PONY
_bPONY PALS GIVE ME BACK MY PONY
300 _a82
650 _aENGLISH STORY
942 _cBK
999 _c8957
_d8957